Biblioteca de los pequeños lectores : (Record no. 213933)
[ view plain ]
| 000 -CABECERA | |
|---|---|
| campo de control de longitud fija | 01057nam a22002417a 4500 |
| 005 - FECHA Y HORA DE LA ÚLTIMA TRANSACCIÓN | |
| campo de control | 20251014110514.0 |
| 008 - DATOS DE LONGITUD FIJA--INFORMACIÓN GENERAL | |
| campo de control de longitud fija | 250901s2005 ag a|||br|||| 000 0 spa d |
| 020 ## - NÚMERO INTERNACIONAL NORMALIZADO PARA LIBROS | |
| Número Internacional Normalizado del libro | 9879418581 |
| 040 ## - FUENTE DE CATALOGACIÓN | |
| Agencia de catalogación original | MX-MxUPN |
| 041 0# - | |
| -- | spa |
| 050 14 - | |
| -- | PQ7798.12 6C44 |
| -- | C5 2005 |
| 100 1# - | |
| -- | Cinetto de González, Liliana Cristina, |
| -- | 1967- |
| -- | 32491 |
| 245 10 - MENCIÓN DE TÍTULO | |
| Título | Biblioteca de los pequeños lectores : |
| Parte restante del título | cuentos de hoy |
| 260 ## - PUBLICACION, DISTRIBUCION, ETC. (PIE DE IMPRENTA) | |
| Lugar de publicación, distribución, etc. | Buenos Aires : |
| Nombre del editor, distribuidor, etc. | Círulo Latino Austral, |
| Fecha de publicación, distribución, etc. | 2005 |
| 300 ## - DESCRIPCIÓN FÍSICA | |
| Extensión | 88 páginas : |
| Otros detalles físicos | ilustraciones a color |
| 490 0# - | |
| -- | Biblioteca de los pequeños lectores |
| 500 ## - NOTA GENERAL | |
| Nota general | Donación Cerezo Rojas Karen Fabiola |
| 505 ## - | |
| -- | El fantasma.-- |
| -- | !Un bebé!.-- |
| -- | La caja de secretos.-- |
| -- | Fermín y la rana.-- |
| -- | El osito viajero.-- |
| -- | El secreto.-- |
| -- | El señor despitado.-- |
| -- | La fiesta de cumpleaños.-- |
| -- | ¿Qué tenía que comprar?.-- |
| -- | Pequeña historia de amor |
| 650 #4 - | |
| -- | Cuentos infantiles argentinos |
| -- | 7466 |
| 650 #4 - | |
| -- | Cuentos infantiles |
| -- | Colecciones |
| -- | 58165 |
| 902 ## - ELEMENTOS DE DATOS B LOCAL, LDB (RLIN) | |
| Creó | MarisolLicea/01092025 |
| Modificó | Berenice Martínez/1401025 |
| 942 ## - ELEMENTOS DE PUNTO DE ACCESO ADICIONAL (KOHA) | |
| Fuente del sistema de clasificación o colocación | Library of Congress Classification |
| Tipo de ítem Koha | Libro |
| Estado de retiro | Estado de pérdida | Fuente del sistema de clasificación o colocación | Estado dañado | No para préstamo | Código de colección | Localización permanente | Ubicación/localización actual | Ubicación en estantería | Fecha de adquisición | Total de préstamos | Signatura topográfica completa | Código de barras | Fecha visto por última vez | Tipo de ítem Koha |
|---|---|---|---|---|---|---|---|---|---|---|---|---|---|---|
| Library of Congress Classification | Infantil | Bib. Gregorio Torres Quintero | Bib. Gregorio Torres Quintero | Sala infantil Planta baja | 01/09/2025 | PQ7798.12 6C44 C5 2005 | 340709 | 01/09/2025 | Libro |
